UEFA Champions League winning XIs since 2020 - Statistics

General Stats
  • This quiz has been taken 62 times
  • The average score is 43 of 59
Answer Stats
    Answer % Correct
    GK Thibaut Courtois
    96%
    GK Manuel Neuer
    94%
    MF Joshua Kimmich
    92%
    FW Robert Lewandowski
    92%
    FW Vinícius Junior
    92%
    GK Éderson
    90%
    FW Karim Benzema
    90%
    MF Luka Modrić
    90%
    MF Toni Kroos
    90%
    GK Édouard Mendy
    88%
    DF Ferland Mendy
    88%
    FW Rodrygo
    88%
    DF Dani Carvajal
    87%
    FW Erling Haaland
    87%
    MF Thomas Müller
    85%
    GK Andriy Lunin
    83%
    MF Bernardo Silva
    83%
    FW Kai Havertz
    83%
    MF Kevin De Bruyne
    83%
    DF Thiago Silva
    83%
    DF Antonio Rüdiger
    81%
    MF Casemiro
    81%
    MF Jude Bellingham
    81%
    DF Rúben Dias
    81%
    DF David Alaba
    79%
    MF Eduardo Camavinga
    75%
    MF Jack Grealish
    75%
    MF John Stones
    75%
    MF Kingsley Coman
    75%
    DF Nathan Aké
    75%
    MF N'Golo Kanté
    75%
    MF Rodri
    75%
    MF İlkay Gündoğan
    73%
    DF Alphonso Davies
    71%
    DF Jérôme Boateng
    71%
    DF Manuel Akanji
    71%
    MF Serge Gnabry
    71%
    DF Éder Militão
    69%
    FW Ousmane Dembélé
    69%
    FW Timo Werner
    69%
    GK Gianluigi Donnarumma
    67%
    MF Jorginho
    67%
    DF Nacho
    67%
    MF Federico Valverde
    65%
    DF Achraf Hakimi
    63%
    FW Mason Mount
    63%
    FW Désiré Doué
    62%
    MF Reece James
    62%
    DF Marquinhos
    58%
    DF Nuno Mendes
    58%
    MF Vitinha
    58%
    DF César Azpilicueta
    56%
    MF Ben Chilwell
    52%
    MF Thiago Alcântara
    52%
    MF Fabián Ruiz
    50%
    MF João Neves
    48%
    DF Willian Pacho
    48%
    FW Bradley Barcola
    46%
    DF Benjamin Pavard
    38%
    No matching quizzes found
    Score Distribution
    Percent of People with Each Score
    Percentile by Number Answered
    Your Score History
    You have not taken this quiz